[Event "IX Festival Citta' di Varese"]
[Site "Varese ITA"]
[Date "2009.10.10"]
[Round "2"]
[White "Salerno, Christian"]
[Black "Collobiano, Alberto"]
[Result "1-0"]
[WhiteElo "2153"]
[BlackElo "1993"]
[PlyCount "76"]
[EventDate "2009.10.10"]

1. d4 d5 2. c4 c6 3. Nf3 Nf6 4. Nc3 g6 5. Bg5 Bg7 6. Qd2 O-O 7. Bh6 a6 8. Bxg7
Kxg7 9. cxd5 cxd5 10. e3 Nc6 11. Rc1 Bf5 12. Bd3 Bg4 13. Ng1 Rc8 14. h3 Bd7 15.
Nf3 b5 16. O-O Na5 17. b3 Nc6 18. Ne2 Ne4 19. Qb2 Nb4 20. Bb1 f5 21. Ne5 Nc6
22. Nd3 b4 23. Nc5 Nb8 24. Bxe4 fxe4 25. Nf4 Rxf4 26. exf4 Qf8 27. Nxd7 Nxd7
28. Rxc8 Qxc8 29. Rc1 Qb8 30. Qd2 Nf6 31. Rc5 Kf7 32. Qc1 Qb6 33. g4 Ne8 34.
Rxd5 Nd6 35. f5 Qb7 36. fxg6+ hxg6 37. Qf4+ Ke6 38. Rg5 Qc6 1-0

[Event "IX Festival Citta' di Varese"]
[Site "Varese ITA"]
[Date "2009.10.11"]
[Round "3"]
[White "Centofante, Maria Rosa"]
[Black "Carbone, Lorenzo"]
[Result "0-1"]
[WhiteElo "1625"]
[BlackElo "1812"]
[PlyCount "130"]
[EventDate "2009.10.10"]

1. d4 d5 2. Nf3 Nf6 3. c4 e6 4. Nc3 Be7 5. Bg5 O-O 6. e3 b6 7. cxd5 exd5 8. Bd3
Bb7 9. O-O h6 10. Bh4 c5 11. dxc5 bxc5 12. Be2 Nc6 13. Rb1 d4 14. exd4 Nxd4 15.
Bxf6 Nxe2+ 16. Qxe2 Bxf6 17. Rfd1 Qc7 18. Nd5 Qc6 19. Nxf6+ Qxf6 20. Qe5 Qg6
21. Nh4 Qg4 22. Qg3 Qe4 23. Qf3 Qxb1 24. Rxb1 Bxf3 25. Nxf3 Rfe8 26. Kf1 Rab8
27. Nd2 Rb5 28. b3 Reb8 29. Ke2 Ra5 30. Rb2 Rab5 31. Kd3 a5 32. Kc3 a4 33. Nc4
axb3 34. axb3 Rb4 35. Na3 Kf8 36. Nc4 f6 37. f3 Ra8 38. g3 Ra1 39. f4 Rc1+ 40.
Kd3 Rd1+ 41. Kc3 Rb8 42. Rd2 Rf1 43. Na5 Rc1+ 44. Kb2 Re1 45. Kc3 Ra8 46. Nc4
Rb8 47. Na5 Ra1 48. Nc6 Rc8 49. Rd8+ Rxd8 50. Nxd8 Ke7 51. Nb7 Rc1+ 52. Kb2 Rh1
53. Nxc5 Rxh2+ 54. Ka3 Rg2 55. Ne4 g6 56. Nc3 Rxg3 57. Nd5+ Kd6 58. Nb6 h5 59.
Ka4 Kc6 60. Nc4 h4 61. b4 h3 62. Nd2 h2 63. Nf1 h1=Q 64. Nxg3 Qa1+ 65. Kb3 Kb5
0-1

[Event "IX Festival Citta' di Varese"]
[Site "Varese ITA"]
[Date "2009.10.11"]
[Round "3"]
[White "Collobiano, Alberto"]
[Black "Macchi, Marco"]
[Result "1/2-1/2"]
[WhiteElo "1993"]
[BlackElo "1708"]
[PlyCount "52"]
[EventDate "2009.10.10"]

1. e4 e6 2. d4 d5 3. exd5 exd5 4. Nf3 Bd6 5. Bd3 Bg4 6. h3 Bxf3 7. Qxf3 Ne7 8.
O-O O-O 9. c3 c6 10. Nd2 Nd7 11. Re1 Nf6 12. Nf1 Ng6 13. Bg5 Be7 14. Ng3 Nd7
15. Bd2 Re8 16. Nf5 Bf8 17. Rxe8 Qxe8 18. Re1 Qd8 19. h4 Nxh4 20. Nxh4 Qxh4 21.
Qf5 Nf6 22. Bg5 Qh5 23. Bxf6 Qxf5 24. Bxf5 gxf6 25. g3 Kg7 26. Kg2 h6 1/2-1/2

[Event "IX Festival Citta' di Varese"]
[Site "Varese ITA"]
[Date "2009.10.11"]
[Round "3"]
[White "Cordiano, Franco"]
[Black "Fantina, Carla"]
[Result "0-1"]
[WhiteElo "1218"]
[BlackElo "1728"]
[PlyCount "132"]
[EventDate "2009.10.10"]

1. Nf3 d6 2. h3 Nf6 3. d4 g6 4. d5 Bg7 5. Bg5 O-O 6. Bxf6 exf6 7. g4 Nd7 8. h4
Ne5 9. Nd4 Nxg4 10. Bh3 Ne5 11. Bg2 Rb8 12. e3 a6 13. h5 h6 14. hxg6 fxg6 15.
Nd2 c5 16. dxc6 bxc6 17. Qe2 d5 18. O-O-O Qb6 19. N4b3 Be6 20. Bh3 Bf7 21. Rdg1
a5 22. a4 c5 23. Qb5 Qxb5 24. axb5 Rxb5 25. Kd1 a4 26. Bf1 c4 27. Nd4 Rxb2 28.
f4 a3 29. c3 Nd3 30. Bxd3 cxd3 31. N4b3 a2 32. Ke1 f5 33. Kf2 Rb8 34. Kf3 h5
35. Rd1 Bxc3 36. Rhg1 Kf8 37. Nc5 Ke7 38. Ncb3 R8xb3 39. Nxb3 Rxb3 40. Rxd3 d4
41. exd4 a1=Q 42. Re3+ Kf6 43. Rxa1 Bxa1 44. Rxb3 Bxb3 45. Kg3 Bxd4 46. Kh4 Kf7
47. Kg3 Bf6 48. Kh3 Ke6 49. Kg3 Kd5 50. Kh3 Ke4 51. Kg3 h4+ 52. Kh3 Kxf4 53.
Kg2 g5 54. Kh3 g4+ 55. Kg2 Bd5+ 56. Kh2 Ke3 57. Kg1 Bc4 58. Kh2 f4 59. Kg2 Bd5+
60. Kh2 Be6 61. Kg2 h3+ 62. Kh2 g3+ 63. Kg1 Kd2 64. Kh1 Bd5+ 65. Kg1 h2+ 66.
Kf1 h1=Q# 0-1

[Event "IX Festival Citta' di Varese"]
[Site "Varese ITA"]
[Date "2009.10.11"]
[Round "3"]
[White "D'Aulisa, Francesco"]
[Black "Tosetto, Flavio"]
[Result "1-0"]
[WhiteElo "1754"]
[BlackElo "1656"]
[PlyCount "117"]
[EventDate "2009.10.10"]

1. e4 e5 2. Nf3 Nc6 3. Bb5 a6 4. Ba4 Nf6 5. Nc3 d6 6. Bxc6+ bxc6 7. h3 Be7 8.
d4 exd4 9. Nxd4 Bb7 10. Nf3 O-O 11. O-O h6 12. b3 c5 13. Re1 Re8 14. Bb2 Bf8
15. e5 Bxf3 16. Qxf3 dxe5 17. Ne4 Nxe4 18. Rxe4 Bd6 19. Rd1 Qc8 20. Rh4 Re6 21.
Rg4 Rg6 22. Rxg6 fxg6 23. Qd5+ Kh7 24. Bxe5 Bxe5 25. Qxe5 Qf5 26. Qxf5 gxf5 27.
Rd5 Kg6 28. Rxc5 Ra7 29. f3 Kf6 30. f4 Ke6 31. g4 fxg4 32. hxg4 Kd6 33. b4 c6
34. Kf2 Re7 35. c3 Rf7 36. Ke3 Re7+ 37. Kf3 g6 38. Ra5 Ra7 39. c4 Ra8 40. a4
Kc7 41. Ke4 Re8+ 42. Re5 Rb8 43. b5 axb5 44. axb5 cxb5 45. cxb5 Rb6 46. Rc5+
Kd7 47. Rc6 Rxc6 48. bxc6+ Kxc6 49. Ke5 h5 50. gxh5 gxh5 51. Kf5 h4 52. Kg4 h3
53. Kxh3 Kd6 54. Kg4 Ke6 55. Kg5 Kf7 56. Kf5 Kf8 57. Kf6 Kg8 58. Ke7 Kg7 59. f5
1-0

[Event "IX Festival Citta' di Varese"]
[Site "Varese ITA"]
[Date "2009.10.11"]
[Round "3"]
[White "Maccarini, Luca Nicola"]
[Black "Cardani, Roberto"]
[Result "1/2-1/2"]
[WhiteElo "1838"]
[BlackElo "1943"]
[PlyCount "123"]
[EventDate "2009.10.10"]

1. d4 Nf6 2. Nf3 g6 3. c4 Bg7 4. g3 O-O 5. Bg2 d6 6. O-O Nbd7 7. Nc3 e5 8. dxe5
dxe5 9. Qc2 c6 10. Rd1 Qe7 11. e4 Re8 12. h3 Nh5 13. Be3 Nf8 14. Rd2 f5 15.
exf5 gxf5 16. Bg5 Qf7 17. Na4 h6 18. Bd8 Be6 19. Rad1 Bxc4 20. Nc5 Bd5 21. Bh4
e4 22. Nd4 Ng6 23. Nb5 Be5 24. Nc3 Nxh4 25. Nxd5 cxd5 26. Rxd5 Ng6 27. Rd7 Re7
28. g4 Nf6 29. Rxe7 Nxe7 30. gxf5 Nxf5 31. Bxe4 Nd4 32. Qd3 Kh8 33. Kh1 Qh5 34.
Bxb7 Rf8 35. Rg1 Qh4 36. Qe3 Qh5 37. Nd3 Re8 38. Nf4 Bxf4 39. Qxf4 Qxh3+ 40.
Qh2 Qxh2+ 41. Kxh2 Re2 42. Rg6 Rxf2+ 43. Kg3 Rxb2 44. Rxf6 Rxb7 45. Rxh6+ Kg7
46. Ra6 Kf7 47. Kf4 Ke7 48. Rh6 Rd7 49. Ke4 Nb5 50. Ke5 Kd8 51. Rc6 Nc7 52. Rc3
Kc8 53. Rb3 Na8 54. Ke6 Nb6 55. Rb4 Kc7 56. Rb3 a5 57. Rxb6 Kxb6 58. Kxd7 Kc5
59. Ke6 Kd4 60. Kf5 Kc3 61. Ke4 a4 62. Ke3 1/2-1/2

[Event "IX Festival Citta' di Varese"]
[Site "Varese ITA"]
[Date "2009.10.11"]
[Round "3"]
[White "Madaschi, Sergio"]
[Black "Cervini, Gian Piero"]
[Result "0-1"]
[WhiteElo "1576"]
[BlackElo "1767"]
[PlyCount "128"]
[EventDate "2009.10.10"]

1. e4 g6 2. d4 Bg7 3. Nc3 Nf6 4. f4 d6 5. Be3 O-O 6. Be2 c6 7. Qd2 Ng4 8. Bxg4
Bxg4 9. h3 Bd7 10. Nf3 Na6 11. O-O-O Qa5 12. g4 b5 13. Kb1 b4 14. Ne2 c5 15. f5
Rfc8 16. fxg6 fxg6 17. Bg5 c4 18. b3 c3 19. Qe3 Rf8 20. Rhf1 Rf7 21. Nh2 Raf8
22. Rxf7 Rxf7 23. Rf1 Rxf1+ 24. Nxf1 e5 25. dxe5 Bxe5 26. Qxa7 Qb5 27. Qe3 Nc5
28. Nfg3 Ne6 29. Bh6 d5 30. exd5 Qxd5 31. Qd3 Qxd3 32. cxd3 Bb5 33. Kc2 Kf7 34.
Ne4 Bg7 35. Bxg7 Kxg7 36. Nd6 Bc6 37. Nc4 Bf3 38. Ng3 Nf4 39. Ne5 Bg2 40. h4
Bh3 41. d4 Kf6 42. Nd3 Nxd3 43. Kxd3 Bxg4 44. Ne4+ Kf5 45. Nc5 g5 46. hxg5 Kxg5
47. Ne4+ Kf4 48. Nf6 h5 49. Nd5+ Kf5 50. Nxb4 h4 51. Kxc3 h3 52. Nd3 h2 53. Nf2
Kf4 54. a4 Kf3 55. Nh1 Kg2 56. a5 Kxh1 57. a6 Kg1 58. b4 h1=Q 59. b5 Qf3+ 60.
Kc4 Be6+ 61. Kc5 Qd5+ 62. Kb6 Qxd4+ 63. Ka5 Bc8 64. b6 Qc5+ 0-1

[Event "IX Festival Citta' di Varese"]
[Site "Varese ITA"]
[Date "2009.10.11"]
[Round "3"]
[White "Mazzarone, Maurizio"]
[Black "Guzzetti, Luigi Enrico"]
[Result "1-0"]
[WhiteElo "1918"]
[BlackElo "1863"]
[PlyCount "59"]
[EventDate "2009.10.10"]

1. d4 Nf6 2. Nf3 g6 3. Bf4 Bg7 4. e3 d6 5. h3 O-O 6. Be2 Nbd7 7. O-O c5 8. c3
a6 9. Nbd2 b5 10. Qb3 Rb8 11. a3 Bb7 12. Rfe1 Qc7 13. Qc2 cxd4 14. exd4 Nb6 15.
Bd3 Rfe8 16. Re2 Rbc8 17. Rae1 Na4 18. Ne4 Nd5 19. Bh2 f6 20. Nxd6 exd6 21.
Rxe8+ Kf7 22. Rxc8 Bxc8 23. Qe2 Qd7 24. Bxd6 Bh6 25. Bg3 Bf8 26. c4 Ndb6 27.
cxb5 axb5 28. Bxb5 Qf5 29. Bxa4 Kg7 30. Bb3 1-0

[Event "IX Festival Citta' di Varese"]
[Site "Varese ITA"]
[Date "2009.10.11"]
[Round "3"]
[White "Mondini, Francesco"]
[Black "Nunziata, Vincenzo"]
[Result "0-1"]
[WhiteElo "1472"]
[BlackElo "1679"]
[PlyCount "72"]
[EventDate "2009.10.10"]

1. e4 c5 2. Nf3 d6 3. c3 Nf6 4. d3 Nc6 5. Be2 g6 6. O-O Bg7 7. h3 O-O 8. Be3 b5
9. Qc1 Re8 10. Nbd2 Bd7 11. d4 cxd4 12. Nxd4 a6 13. f3 Rc8 14. a4 Nxd4 15. Bxd4
bxa4 16. Bxa6 Ra8 17. Bd3 Qc7 18. Qd1 Reb8 19. Qc2 Nh5 20. Bxg7 Nxg7 21. Rfb1
Ne6 22. Bf1 Qc5+ 23. Kh1 Qf2 24. Rc1 Nc5 25. Nc4 Qh4 26. Rcb1 f5 27. g3 Qf6 28.
Nd2 fxe4 29. Bc4+ Kg7 30. Bd5 Qf5 31. Bxa8 Qxh3+ 32. Kg1 Qxg3+ 33. Kf1 Rxa8 34.
Nxe4 Qxf3+ 35. Nf2 Bf5 36. Qe2 Bd3 0-1

[Event "IX Festival Citta' di Varese"]
[Site "Varese ITA"]
[Date "2009.10.11"]
[Round "3"]
[White "Nipote, Mario"]
[Black "Pepa, Syrja"]
[Result "0-1"]
[WhiteElo "1419"]
[BlackElo "1835"]
[PlyCount "72"]
[EventDate "2009.10.10"]

1. d4 Nf6 2. Nf3 e6 3. c4 d5 4. Nc3 Be7 5. Bg5 h6 6. Bxf6 Bxf6 7. e3 O-O 8. Bd3
b6 9. O-O Bb7 10. cxd5 exd5 11. Re1 Nd7 12. Bc2 c5 13. b3 Rc8 14. Qd3 g6 15.
Nb5 Ba6 16. a4 Nb8 17. Qd2 Qd7 18. Rab1 Bxb5 19. axb5 Qxb5 20. Red1 Rfd8 21.
Bd3 Qd7 22. Be2 Qd6 23. Ne1 Nc6 24. Nd3 cxd4 25. exd4 Nxd4 26. Bg4 Rc2 27. Qxh6
Re8 28. Qf4 Qxf4 29. Nxf4 Re4 30. Nxd5 Bg7 31. Ne3 Ra2 32. g3 f5 33. Bh3 Nf3+
34. Kg2 Rxe3 35. Ra1 Bxa1 36. Rd8+ Kf7 0-1

[Event "IX Festival Citta' di Varese"]
[Site "Varese ITA"]
[Date "2009.10.11"]
[Round "3"]
[White "Novi', Giuseppe"]
[Black "Lanza, Francesco Paolo"]
[Result "0-1"]
[WhiteElo "1818"]
[BlackElo "1689"]
[PlyCount "50"]
[EventDate "2009.10.10"]

1. e4 c5 2. Nf3 Nc6 3. Bc4 e6 4. c3 Nf6 5. d3 d6 6. O-O Be7 7. Re1 O-O 8. Nbd2
a6 9. d4 d5 10. Bd3 dxe4 11. Nxe4 cxd4 12. cxd4 Nxd4 13. Nxd4 Qxd4 14. Qc2 Nxe4
15. Rxe4 Qc5 16. Rc4 Qh5 17. Bd2 b5 18. Be4 Rb8 19. Rc3 Bb7 20. Bxb7 Rxb7 21.
Rc8 Rb8 22. Rxb8 Rxb8 23. Qc7 Re8 24. Qd7 Kf8 25. Bc3 Rd8 0-1

[Event "IX Festival Citta' di Varese"]
[Site "Varese ITA"]
[Date "2009.10.11"]
[Round "3"]
[White "Poletto, Daniele"]
[Black "Salerno, Christian"]
[Result "1/2-1/2"]
[WhiteElo "1768"]
[BlackElo "2153"]
[PlyCount "63"]
[EventDate "2009.10.10"]

1. c4 Nf6 2. Nc3 e6 3. e4 d6 4. g3 c5 5. Bg2 Nc6 6. Nge2 Be7 7. O-O O-O 8. d3
a6 9. a3 Rb8 10. Rb1 b5 11. cxb5 axb5 12. b4 d5 13. bxc5 d4 14. Nxb5 Na7 15. a4
Bd7 16. Bf4 Rb7 17. Nexd4 Bxc5 18. Nxa7 Rxb1 19. Qxb1 Bxd4 20. Nb5 Bxb5 21.
Qxb5 Qe7 22. Be3 Bxe3 23. fxe3 Ng4 24. Qb6 Qa3 25. h3 Ne5 26. d4 Qxe3+ 27. Kh2
Nc4 28. Qc5 Nd2 29. Rf4 h6 30. h4 Rb8 31. Qe7 Rf8 32. e5 1/2-1/2

[Event "IX Festival Citta' di Varese"]
[Site "Varese ITA"]
[Date "2009.10.11"]
[Round "3"]
[White "Schingaro, Angelo"]
[Black "Falchi, Claudio"]
[Result "0-1"]
[WhiteElo "1712"]
[BlackElo "1599"]
[PlyCount "68"]
[EventDate "2009.10.10"]

1. e4 e6 2. d4 d5 3. Nc3 Bb4 4. e5 c5 5. a3 Bxc3+ 6. bxc3 Qc7 7. Bd2 b6 8. Qg4
f5 9. Bb5+ Kd8 10. Qh4+ Ne7 11. Nf3 h6 12. Qg3 Rg8 13. Bd3 Ba6 14. h4 c4 15.
Be2 Bb5 16. h5 Be8 17. Nh4 Nbc6 18. Qf4 Kc8 19. g4 fxg4 20. Bxg4 Bd7 21. Qf7
Kb7 22. Ng6 Nxg6 23. Qxg6 Rae8 24. Rh3 Nd8 25. f4 Ref8 26. Bf3 Nc6 27. Qg2 Ne7
28. Ke2 Nf5 29. Rhh1 Ba4 30. Ra2 Qe7 31. Bxd5+ exd5 32. Qxd5+ Bc6 33. Qxc4 Bxh1
34. d5 Qc5 0-1

[Event "IX Festival Citta' di Varese"]
[Site "Varese ITA"]
[Date "2009.10.11"]
[Round "4"]
[White "Carbone, Lorenzo"]
[Black "D'Aulisa, Francesco"]
[Result "0-1"]
[WhiteElo "1812"]
[BlackElo "1754"]
[PlyCount "52"]
[EventDate "2009.10.10"]

1. e4 d6 2. d4 e6 3. Nf3 h6 4. Bd3 a6 5. c3 Nd7 6. O-O Ne7 7. Na3 b6 8. Be3 Bb7
9. h3 g5 10. Nc2 Ng6 11. Qd2 Rg8 12. Rfe1 Be7 13. a3 e5 14. d5 Nf6 15. Nh2 Bc8
16. Nb4 Nf4 17. f3 N6h5 18. Ng4 Rg6 19. Nc6 Qd7 20. Ncxe5 dxe5 21. Nxe5 Qd6 22.
Nxg6 Qxg6 23. Bf1 Bd6 24. Qd4 Ng3 25. b4 Nxf1 26. Rxf1 Ne2+ 0-1

[Event "IX Festival Citta' di Varese"]
[Site "Varese ITA"]
[Date "2009.10.11"]
[Round "4"]
[White "Cardani, Roberto"]
[Black "Mazzarone, Maurizio"]
[Result "1-0"]
[WhiteElo "1943"]
[BlackElo "1918"]
[PlyCount "87"]
[EventDate "2009.10.10"]

1. e4 e6 2. d4 d5 3. Nc3 Bb4 4. e5 c5 5. a3 cxd4 6. axb4 dxc3 7. Qg4 Ne7 8. Nf3
Qc7 9. Bd3 Nbc6 10. O-O Ng6 11. Re1 Bd7 12. Ra3 Qb6 13. b5 Na5 14. Be3 Qd8 15.
Bg5 Qb6 16. Qb4 Nc6 17. Qd6 Na5 18. Rxa5 Qxd6 19. exd6 cxb2 20. h4 f6 21. Bd2
e5 22. h5 Nf8 23. c4 dxc4 24. Bxc4 Be6 25. Bxe6 Nxe6 26. Rb1 Kd7 27. Bb4 Rhc8
28. Rxb2 Nf4 29. Rd2 Nxh5 30. g3 g6 31. Rda2 a6 32. bxa6 b6 33. R5a3 Rc4 34.
Rb2 Ng7 35. Nd2 Rd4 36. Bc3 Rxd6 37. Nc4 Rd1+ 38. Kg2 Kc6 39. Nxb6 Ra7 40. Nc8
Ra8 41. a7 Rd8 42. Rb8 Rxc8 43. Rxc8+ Rxc8 44. a8=Q+ 1-0

[Event "IX Festival Citta' di Varese"]
[Site "Varese ITA"]
[Date "2009.10.11"]
[Round "4"]
[White "Cervini, Gian Piero"]
[Black "Falchi, Claudio"]
[Result "1-0"]
[WhiteElo "1767"]
[BlackElo "1599"]
[PlyCount "45"]
[EventDate "2009.10.10"]

1. e4 e6 2. d4 d5 3. Nc3 Bb4 4. a3 Bxc3+ 5. bxc3 dxe4 6. Qg4 Nf6 7. Qxg7 Rg8 8.
Qh6 Nbd7 9. Ne2 c5 10. Bd2 b6 11. Ng3 Bb7 12. Be2 Rg6 13. Qe3 Rb8 14. O-O Nd5
15. Qxe4 Nxc3 16. Qd3 Nxe2+ 17. Qxe2 cxd4 18. Rad1 Nc5 19. Bb4 Ba6 20. Qe5 Bxf1
21. Rxd4 Qc8 22. Nf5 Nb7 23. Qh8+ 1-0

[Event "IX Festival Citta' di Varese"]
[Site "Varese ITA"]
[Date "2009.10.11"]
[Round "4"]
[White "Fantina, Carla"]
[Black "Salerno, Christian"]
[Result "0-1"]
[WhiteElo "1728"]
[BlackElo "2153"]
[PlyCount "92"]
[EventDate "2009.10.10"]

1. c4 Nf6 2. Nc3 b6 3. Nf3 Bb7 4. d3 e6 5. e4 d5 6. cxd5 exd5 7. e5 Nfd7 8. d4
c5 9. Be3 cxd4 10. Bxd4 Be7 11. g3 O-O 12. Bg2 Na6 13. O-O Bc5 14. Re1 Nc7 15.
a3 Bxd4 16. Qxd4 Nc5 17. Rad1 N7e6 18. Qg4 Nc7 19. Nh4 g6 20. b4 N5e6 21. f4 a5
22. b5 Qe7 23. f5 Qc5+ 24. Kh1 Qxc3 25. fxe6 Nxe6 26. Nf5 Qxa3 27. Ne7+ Qxe7
28. Bxd5 Bxd5+ 29. Rxd5 Rfd8 30. Qe4 Rxd5 31. Qxd5 Rc8 32. h3 Qc5 33. Qd7 Rd8
34. Qb7 Qd5+ 35. Qxd5 Rxd5 36. Rc1 Rxe5 37. Rb1 Nd4 38. g4 Rxb5 39. Rc1 Rc5 40.
Rd1 Ne6 41. Rd7 a4 42. Ra7 Ra5 43. Rb7 b5 44. Rd7 a3 45. Rd1 a2 46. Ra1 b4 0-1

[Event "IX Festival Citta' di Varese"]
[Site "Varese ITA"]
[Date "2009.10.11"]
[Round "4"]
[White "Gerosa, Ottavio"]
[Black "Centofante, Maria Rosa"]
[Result "0-1"]
[WhiteElo "1425"]
[BlackElo "1625"]
[PlyCount "84"]
[EventDate "2009.10.10"]

1. Nf3 Nf6 2. d4 d5 3. Bg5 Ne4 4. Bh4 c6 5. Nfd2 Qa5 6. c3 Bf5 7. Nb3 Qc7 8. f3
Nd6 9. Bg3 e6 10. e3 Qb6 11. Bd3 Bxd3 12. Qxd3 Nc4 13. Qe2 Be7 14. O-O Nd7 15.
a4 Qxb3 16. Rf2 O-O 17. f4 Nf6 18. f5 Ne4 19. Rf1 exf5 20. Rxf5 g6 21. Rf4 Bg5
22. Rf3 Qxb2 23. Qxb2 Nxb2 24. Be5 Nc4 25. Bf4 f6 26. Na3 Ncd2 27. Rh3 Nxc3 28.
Bd6 Rfe8 29. Re1 Nde4 30. Bb4 Nxa4 31. Rb1 b5 32. Rc1 Rac8 33. Rf3 a5 34. Bxa5
Nd6 35. Bb4 Bxe3+ 36. Rxe3 Rxe3 37. Bxd6 Rc3 38. Rf1 f5 39. Nb1 Re3 40. Nd2 Nc3
41. Nf3 h6 42. Bf4 Ne2+ 0-1

[Event "IX Festival Citta' di Varese"]
[Site "Varese ITA"]
[Date "2009.10.11"]
[Round "4"]
[White "Guzzetti, Luigi Enrico"]
[Black "Nipote, Mario"]
[Result "1-0"]
[WhiteElo "1863"]
[BlackElo "1419"]
[PlyCount "111"]
[EventDate "2009.10.10"]

1. e4 c6 2. d4 d5 3. Nc3 dxe4 4. Nxe4 Nf6 5. Ng3 Bg4 6. Be2 Bxe2 7. N1xe2 e6 8.
O-O Bd6 9. Bg5 O-O 10. Ne4 Be7 11. Bxf6 Bxf6 12. c3 Nd7 13. Qb3 Qc7 14. Rad1
Rad8 15. N2g3 g6 16. Rd3 Bg7 17. Rfd1 b6 18. Ng5 Rfe8 19. Rf3 Re7 20. N3e4 Rde8
21. h4 h6 22. Nh3 Qb7 23. Nd6 Qb8 24. Nxe8 Qxe8 25. Qa4 Qa8 26. Rfd3 Nf6 27. c4
Qb7 28. Nf4 Qc7 29. g3 g5 30. hxg5 hxg5 31. Ng2 Nh7 32. Qb3 Nf8 33. d5 cxd5 34.
cxd5 Qb7 35. d6 Rd7 36. Ne3 Ng6 37. Nc4 Ne5 38. Nxe5 Bxe5 39. Qb5 Bf6 40. b3 a6
41. Qc4 Kg7 42. Rc1 Qb8 43. Qc6 Qd8 44. Qc8 a5 45. Qxd8 Bxd8 46. Kg2 Kg6 47.
Kf3 b5 48. Ke4 b4 49. Rc6 Kf6 50. f4 Kg6 51. Rd2 Kf6 52. Rdc2 Rb7 53. Rc7 Rb8
54. Rc8 Rxc8 55. Rxc8 Bb6 56. Rb8 1-0

[Event "IX Festival Citta' di Varese"]
[Site "Varese ITA"]
[Date "2009.10.11"]
[Round "4"]
[White "Lanza, Francesco Paolo"]
[Black "Poletto, Daniele"]
[Result "0-1"]
[WhiteElo "1689"]
[BlackElo "1768"]
[PlyCount "98"]
[EventDate "2009.10.10"]

1. e4 c5 2. Nf3 e6 3. Nc3 a6 4. d4 cxd4 5. Nxd4 Qc7 6. Bd3 Nc6 7. Nxc6 dxc6 8.
O-O e5 9. f4 exf4 10. e5 Be6 11. Be4 Bc5+ 12. Kh1 Be3 13. Bxe3 fxe3 14. Qd6
Qxd6 15. exd6 Nf6 16. Rf3 Rd8 17. Rg3 O-O 18. Rd1 e2 19. Re1 Rxd6 20. Rxe2 Nxe4
21. Rxe4 Rfd8 22. Rge3 h6 23. Kg1 Rd2 24. Re2 Rxe2 25. Rxe2 b5 26. a3 Rd4 27.
h3 a5 28. Kf2 b4 29. axb4 axb4 30. Nb1 c5 31. c3 Rd1 32. Re1 Rxe1 33. Kxe1 bxc3
34. bxc3 g5 35. Kf2 f5 36. Nd2 Kf7 37. g3 Kf6 38. Nf3 Bd5 39. h4 Bxf3 40. Kxf3
gxh4 41. gxh4 Ke5 42. h5 f4 43. Ke2 Ke4 44. Kd2 Kf3 45. Ke1 Kg2 46. Ke2 f3+ 47.
Kd3 f2 48. Kc4 f1=Q+ 49. Kxc5 Qf5+ 0-1

[Event "IX Festival Citta' di Varese"]
[Site "Varese ITA"]
[Date "2009.10.11"]
[Round "4"]
[White "Macchi, Marco"]
[Black "Cordiano, Franco"]
[Result "1-0"]
[WhiteElo "1708"]
[BlackElo "1218"]
[PlyCount "121"]
[EventDate "2009.10.10"]

1. e4 e5 2. Nf3 d6 3. h3 a6 4. d4 h6 5. dxe5 dxe5 6. Qxd8+ Kxd8 7. Nxe5 Be6 8.
Be3 Bd6 9. Nc4 Bxc4 10. Bxc4 Be5 11. c3 Ke8 12. O-O Nc6 13. Nd2 b5 14. Bb3 Nge7
15. Rad1 Bd6 16. f4 f6 17. Nf3 Ng6 18. Nd4 Nxd4 19. cxd4 Ke7 20. e5 Bb4 21. f5
Nh4 22. g3 fxe5 23. dxe5 Nxf5 24. Rxf5 Rhf8 25. Rxf8 Rxf8 26. Rf1 Rd8 27. Rf7+
Ke8 28. Rxc7 Be7 29. a4 Rd3 30. Rc3 Rxe3 31. Rxe3 Bc5 32. Kf2 Bxe3+ 33. Kxe3 b4
34. Ke4 Ke7 35. Kf5 a5 36. Kg6 Kf8 37. h4 Ke7 38. Kxg7 h5 39. Kg6 Kd7 40. Kxh5
Ke7 41. Kg6 Kd7 42. Kf6 Kc6 43. e6 Kc5 44. e7 Kd4 45. e8=Q Kd3 46. Qc6 Kd2 47.
Ke6 Kd3 48. Ke5 Ke2 49. Qe4+ Kd2 50. Qc4 Ke3 51. Bc2 Kd2 52. b3 Kc1 53. Bd3+
Kb2 54. Qc2+ Ka3 55. Qd1 Kb2 56. Bc4 Kc3 57. Ke4 Kb2 58. Kd4 Ka2 59. Kd3 Kb2
60. Ke4 Ka3 61. Qa1# 1-0

[Event "IX Festival Citta' di Varese"]
[Site "Varese ITA"]
[Date "2009.10.11"]
[Round "4"]
[White "Nunziata, Vincenzo"]
[Black "Novi', Giuseppe"]
[Result "1/2-1/2"]
[WhiteElo "1679"]
[BlackElo "1818"]
[PlyCount "124"]
[EventDate "2009.10.10"]

1. e4 e6 2. d4 d5 3. Nc3 Nf6 4. e5 Nfd7 5. f4 c5 6. Nf3 Nc6 7. Be3 a6 8. Be2
Qb6 9. Na4 Qa5+ 10. c3 cxd4 11. Nxd4 Nxd4 12. Bxd4 b5 13. Nc5 Bxc5 14. Bxc5
Nxc5 15. b4 Qb6 16. bxc5 Qxc5 17. Qd4 Qe7 18. O-O O-O 19. Rf3 Bd7 20. Rh3 Rac8
21. Kh1 Qc5 22. Qd3 g6 23. Qg3 Qe7 24. Qe3 f6 25. Rd1 Rc7 26. Qb6 Rc6 27. Qb7
f5 28. Rhd3 Rfc8 29. h3 Qe8 30. Qa7 R8c7 31. Qe3 Qc8 32. Rc1 b4 33. Kh2 bxc3
34. Rc2 Rc5 35. g4 Bb5 36. Rd4 Ba4 37. Rxa4 a5 38. gxf5 gxf5 39. Ra3 Kf7 40.
Bh5+ Kf8 41. Qe1 d4 42. Qh4 Rg7 43. Qf6+ Kg8 44. Be2 Qd7 45. Bd3 Qe7 46. Qxe7
Rxe7 47. Ra4 Rb7 48. Rxd4 Rb2 49. a4 Rb4 50. Rd8+ Kg7 51. Rg2+ Kf7 52. Rd7+ Ke8
53. Rxh7 Kf8 54. Rh8+ Kf7 55. Rh7+ Kf8 56. Rhg7 Ke8 57. Rg8+ Kd7 58. R2g7+ Kc6
59. Rc8+ Kb6 60. Rb8+ Kc6 61. Rc8+ Kb6 62. Rb8+ Kc6 1/2-1/2

[Event "IX Festival Citta' di Varese"]
[Site "Varese ITA"]
[Date "2009.10.11"]
[Round "4"]
[White "Pepa, Syrja"]
[Black "Maccarini, Luca Nicola"]
[Result "1-0"]
[WhiteElo "1835"]
[BlackElo "1838"]
[PlyCount "133"]
[EventDate "2009.10.10"]

1. d4 d5 2. c4 e6 3. cxd5 exd5 4. Nc3 c6 5. Bf4 Bd6 6. Qd2 Nf6 7. Nf3 O-O 8.
Bg5 h6 9. Bh4 Bf5 10. e3 Nbd7 11. Bd3 Bxd3 12. Qxd3 Qc7 13. O-O Rfe8 14. Rac1
a6 15. Rfe1 Rac8 16. a3 Qb8 17. b4 Ne4 18. Na4 Qc7 19. Nc5 Nb6 20. Bg3 Bxg3 21.
hxg3 Nc4 22. Nxe4 dxe4 23. Qxc4 exf3 24. gxf3 Qd7 25. Kg2 Qf5 26. Qc5 Qd3 27.
Rc3 Qg6 28. Rec1 Rcd8 29. Qc4 Rd5 30. Qd3 Qf6 31. Rc5 Rd7 32. Qf5 Qd8 33. Re5
Rde7 34. Rxe7 Rxe7 35. Rc5 Rd7 36. Qe4 Re7 37. Re5 Kf8 38. Rxe7 Qxe7 39. Qh7 f6
40. Qf5 Kf7 41. e4 g6 42. Qc5 Qd7 43. d5 cxd5 44. exd5 f5 45. a4 Kf6 46. f4 Qe7
47. Qd4+ Kf7 48. Qe5 Qxb4 49. Qe6+ Kf8 50. Qf6+ Ke8 51. Qxg6+ Ke7 52. Qe6+ Kd8
53. Qxf5 Qxa4 54. Qe6 Qd7 55. Qe5 a5 56. f5 Qc7 57. d6 Qd7 58. Qxa5+ Ke8 59.
Qe5+ Kf7 60. Qd5+ Kf8 61. Kf3 b5 62. Ke3 b4 63. Qe5 Qa7+ 64. Qd4 Qd7 65. Qh8+
Kf7 66. Qh7+ Ke8 67. Qg8# 1-0

[Event "IX Festival Citta' di Varese"]
[Site "Varese ITA"]
[Date "2009.10.11"]
[Round "4"]
[White "Picchi, Luciano Enrico"]
[Black "Collobiano, Alberto"]
[Result "0-1"]
[WhiteElo "1464"]
[BlackElo "1993"]
[PlyCount "110"]
[EventDate "2009.10.10"]

1. e4 c5 2. Nf3 Nc6 3. c4 d6 4. Be2 g6 5. O-O Bg7 6. a3 e6 7. d3 Nge7 8. Qc2
O-O 9. Nc3 a6 10. Rb1 Nd4 11. Nxd4 cxd4 12. Nd1 Bd7 13. b3 Rc8 14. Nb2 d5 15.
f3 Qa5 16. Ra1 Qc3 17. Bd1 dxc4 18. bxc4 Qxc2 19. Bxc2 b5 20. Bb3 Nc6 21. Bd2
Ne5 22. Bb4 Rfe8 23. c5 Nc6 24. Bd2 Bf8 25. Rac1 Nd8 26. Bb4 Nb7 27. c6 Rxc6
28. Rxc6 Bxc6 29. Rc1 Rc8 30. Bxf8 Kxf8 31. Kf2 Bd7 32. Rxc8+ Bxc8 33. Ke2 Ke7
34. Kd2 Kd6 35. f4 f6 36. Nd1 Nc5 37. Kc2 a5 38. Nb2 Ba6 39. Ba2 h6 40. g3 g5
41. Bb3 gxf4 42. gxf4 a4 43. Ba2 Kc6 44. Kd2 Kb6 45. Kc2 Ka5 46. Kd2 b4 47.
axb4+ Kxb4 48. Nc4 Bxc4 49. Bxc4 Nxe4+ 50. Kc2 Nc5 51. Kb2 e5 52. fxe5 fxe5 53.
Kc2 e4 54. Bf7 Nxd3 55. Bg6 Nc5 0-1